000 00464nam a2200181Ia 4500
001 23667
005 20260414150952.0
008 260414t2014||||xx |||||||||||||| ||spa||
041 _aESP
082 _a690
_bK41
100 _aKensek, Karen M.
_eAUT
245 0 _aBuilding information modeling :
_bBIM in current and future practice
260 _c2014
300 _axxxii, 397 páginas :
_c24 cm.
650 _a0
654 _aCIC
942 _cLIB
_dJUS
_fJUS
_2ddc
_n
999 _c23667
_d23667